| 000 | 00419nam a22001697a 4500 | ||
|---|---|---|---|
| 003 | OSt | ||
| 008 | 250419b |||||||| |||| 00| 0 eng d | ||
| 020 | _a9789356817357 | ||
| 082 | _a577 NAE | ||
| 100 | _aNACHIKETA,Neeraj | ||
| 245 | _aEnvironment and Ecology a Dynamic Approach | ||
| 250 | _a4th Ed | ||
| 260 |
_aNew Delhi _bGK Publication(p) Ltd. _c2024 |
||
| 300 | _aMISC | ||
| 650 | _aGeneral | ||
| 942 |
_2ddc _cREF |
||
| 999 |
_c13345 _d13345 |
||